Pokročilá objektovo orientovaná algoritmizácia v jazyku C++ diplomová práca

Gespeichert in:
Bibliographische Detailangaben
1. Verfasser: Tinák, Lukáš
Körperschaft: Fakulta hospodárskej informatiky EU. Katedra aplikovanej informatiky
Weitere Verfasser: Hanák, Ján
Format: Buch
Sprache:Slowakisch
Veröffentlicht: Bratislava 2011
Tags: Tag hinzufügen
Keine Tags, Fügen Sie das erste Tag hinzu!

MARC

LEADER 00000nbm a2200000 4500
001 0140902
005 20161109101958.6
041 0 |a slo 
044 |a SK 
245 1 0 |a Pokročilá objektovo orientovaná algoritmizácia v jazyku C++  |b diplomová práca  |c Lukáš Tinák ; školiteľ: Ján Hanák 
264 1 |a Bratislava  |c 2011 
300 |a 71 s. 
100 1 |a Tinák, Lukáš 
700 1 |a Hanák, Ján 
710 2 |a Fakulta hospodárskej informatiky EU. Katedra aplikovanej informatiky